Central Library and Information Centre
Sibsagar Girls' College, Sivasagar : Assam

GOODBYE MR.CHIPS (Record no. 4736)

MARC details
000 -LEADER
fixed length control field 00383cam a2200169ua 4500
008 - FIXED-LENGTH DATA ELEMENTS--GENERAL INFORMATION
fixed length control field 060101n II |||gr||||Z||||||eng
040 ## - CATALOGING SOURCE
Original cataloging agency MAIN
041 ## - LANGUAGE CODE
-- English
082 ## - DEWEY DECIMAL CLASSIFICATION NUMBER
Classification number 823 HIL
100 ## - MAIN ENTRY--PERSONAL NAME
Personal name HILTON, JAMES.
245 ## - TITLE STATEMENT
Title GOODBYE MR.CHIPS
260 ## - PUBLICATION, DISTRIBUTION, ETC.
Place of publication, distribution, etc. MADRAS:
Name of publisher, distributor, etc. B.I.PUBLICATION.,
Date of publication, distribution, etc. 1995.
300 ## - PHYSICAL DESCRIPTION
Extent 125:
Dimensions 18CM.
942 ## - ADDED ENTRY ELEMENTS (KOHA)
Koha item type Books
653 ## - INDEX TERM--UNCONTROLLED
Uncontrolled term English fiction
Holdings
Withdrawn status Lost status Damaged status Not for loan Collection code Home library Current library Shelving location Date acquired Full call number Barcode Date last seen Copy number Price effective from Koha item type Public note
        TBENG Central Library and Information Centre Sibsagar Girls College Central Library and Information Centre Sibsagar Girls College ENGLISH BOOK RACK 01.08.2006 823 HIL 21294 27.02.2020 1 27.02.2020 Books V


Sibsagar Girl's College © 2020. All rights reserved.
Powered by Koha.
Maintained by Abhijit Borpuzari.